<?xml version="1.0" encoding="UTF-8"?>
<record
    xmlns:xsi="http://www.w3.org/2001/XMLSchema-instance"
    xsi:schemaLocation="http://www.loc.gov/MARC21/slim http://www.loc.gov/standards/marcxml/schema/MARC21slim.xsd"
    xmlns="http://www.loc.gov/MARC21/slim">

  <leader>01307nam a22002537a 4500</leader>
  <controlfield tag="005">20230703100444.0</controlfield>
  <controlfield tag="008">230701b           ||||| |||| 00| 0 eng d</controlfield>
  <datafield tag="040" ind1=" " ind2=" ">
    <subfield code="c">AL</subfield>
  </datafield>
  <datafield tag="041" ind1=" " ind2=" ">
    <subfield code="a">Konkani</subfield>
  </datafield>
  <datafield tag="082" ind1=" " ind2=" ">
    <subfield code="2">23</subfield>
    <subfield code="a">891.461</subfield>
    <subfield code="b">SUAR</subfield>
  </datafield>
  <datafield tag="100" ind1=" " ind2=" ">
    <subfield code="a">J M Suares: &#xC9C;&#xCC6; &#xC8E;&#xC82; &#xCB8;&#xCC1;&#xC85;&#xCB0;&#xCC6;&#xCB8;&#xCCD; </subfield>
    <subfield code="9">125266</subfield>
  </datafield>
  <datafield tag="245" ind1=" " ind2=" ">
    <subfield code="a">Rangeeth Gayan: Meesacha Ani Yera Igarj Mathecha Rithini</subfield>
    <subfield code="b">&#xCB0;&#xC82;&#xC97;&#xCC0;&#xCA4;&#xCCD; &#xC97;&#xCBE;&#xCAF;&#xCBE;&#xCA8;&#xCCD;: &#xCAE;&#xCC0;&#xCB8;&#xCBE;&#xC9A;&#xCBE; &#xC86;&#xCA8;&#xCBF; &#xCAF;&#xCC6;&#xCB0;&#xCBE; &#xC87;&#xC97;&#xCB0;&#xCCD;&#xC9C;&#xCCD; &#xCAE;&#xCBE;&#xCA4;&#xCC6;&#xC9A;&#xCBE; &#xCB0;&#xCBF;&#xCA4;&#xCBF;&#xCA8;&#xCBF; </subfield>
  </datafield>
  <datafield tag="250" ind1=" " ind2=" ">
    <subfield code="a">2</subfield>
  </datafield>
  <datafield tag="260" ind1=" " ind2=" ">
    <subfield code="a">Mangalore</subfield>
    <subfield code="b">J M Suares</subfield>
    <subfield code="c">1915</subfield>
  </datafield>
  <datafield tag="300" ind1=" " ind2=" ">
    <subfield code="a">xxv,212p.</subfield>
    <subfield code="b">PB</subfield>
    <subfield code="c">17x11cm.</subfield>
  </datafield>
  <datafield tag="365" ind1=" " ind2=" ">
    <subfield code="2">Konkani</subfield>
  </datafield>
  <datafield tag="520" ind1=" " ind2=" ">
    <subfield code="a">&#xCAE;&#xCC0;&#xCB8;&#xCBE;&#xC9A;&#xCBE; &#xC86;&#xCA8;&#xCBF; &#xCAF;&#xCC6;&#xCB0;&#xCBE; &#xC87;&#xC97;&#xCB0;&#xCCD;&#xC9C;&#xCCD; &#xCAE;&#xCBE;&#xCA4;&#xCC6;&#xC9A;&#xCBE; &#xCB0;&#xCBF;&#xCA4;&#xCBF;&#xCA8;&#xCBF; &#xC89;&#xCAA;&#xCAF;&#xCCB;&#xC97;&#xCCD;&#xCB8;&#xCC1;&#xCA8;&#xCCD;&#xC9A;&#xCBF;&#xCAE;&#xCCD;  &#xC97;&#xCBE;&#xCAF;&#xCA8;&#xCBE; &#xCB2;&#xCBE;&#xCA4;&#xCC6;  &#xCAD;&#xCBE;&#xCB6;&#xCC6;&#xC9A;&#xCBF;&#xCAE;&#xCCD; &#xC95;&#xCBE;&#xC82;&#xCA6;&#xCCD;&#xCA6;&#xCCD;&#xCAF;&#xCBE; &#xC85;&#xC95;&#xCCD;&#xCB7;&#xCB0;&#xCBE;&#xCA8;&#xCBF;  &#xCAC;&#xCCB;&#xCB0;&#xCBE;&#xCAF;&#xCBF;&#xCB2;&#xCCD;&#xCB2;&#xCBF;&#xC82; </subfield>
  </datafield>
  <datafield tag="650" ind1=" " ind2=" ">
    <subfield code="a">Konkani Poetry: &#xC95;&#xCCA;&#xC82;&#xC95;&#xCA3;&#xCBF; &#xC95;&#xCB5;&#xCBF;&#xCA4;&#xCBE; </subfield>
    <subfield code="9">125216</subfield>
  </datafield>
  <datafield tag="650" ind1=" " ind2=" ">
    <subfield code="a">Manual of Congragetional Singing</subfield>
    <subfield code="9">125267</subfield>
  </datafield>
  <datafield tag="650" ind1=" " ind2=" ">
    <subfield code="a">During the liturgical functions</subfield>
    <subfield code="9">125268</subfield>
  </datafield>
  <datafield tag="650" ind1=" " ind2=" ">
    <subfield code="a">Konkani Literature: &#xC95;&#xCCA;&#xC82;&#xC95;&#xCA3;&#xCBF; &#xCB8;&#xCBE;&#xCB9;&#xCBF;&#xCA4;&#xCCD;&#xCAF; </subfield>
    <subfield code="9">125217</subfield>
  </datafield>
  <datafield tag="700" ind1=" " ind2=" ">
    <subfield code="a">SUARES (J M): &#xCB8;&#xCC1;&#xC85;&#xCB0;&#xCC6;&#xCB8;&#xCCD; (&#xC9C;&#xCC6; &#xC8E;&#xC82;) </subfield>
    <subfield code="9">125218</subfield>
  </datafield>
  <datafield tag="942" ind1=" " ind2=" ">
    <subfield code="2">ddc</subfield>
    <subfield code="c">DB</subfield>
  </datafield>
  <datafield tag="999" ind1=" " ind2=" ">
    <subfield code="c">227724</subfield>
    <subfield code="d">227724</subfield>
  </datafield>
  <datafield tag="952" ind1=" " ind2=" ">
    <subfield code="0">0</subfield>
    <subfield code="1">0</subfield>
    <subfield code="2">ddc</subfield>
    <subfield code="4">0</subfield>
    <subfield code="7">2</subfield>
    <subfield code="8">KON</subfield>
    <subfield code="a">AL</subfield>
    <subfield code="b">AL</subfield>
    <subfield code="d">2023-06-23</subfield>
    <subfield code="l">0</subfield>
    <subfield code="o">891.461 SUAR</subfield>
    <subfield code="p">D06050</subfield>
    <subfield code="r">2023-07-01 00:00:00</subfield>
    <subfield code="w">2023-07-01</subfield>
    <subfield code="y">DB</subfield>
  </datafield>
</record>
